00359nam a2200145Ia 45000030006000000080041000060400015000471000024000622450032000862500006001182600052001243000006001765460014001820050017001960STCL150530s9999 xx 000 0 und d aSTCLcSTCL aGovindan Nair, M.N. aJanmi Muthalali Uthamarnnan a1 bSahithya Pravarthaka Co Operative Societyc1968 a0 aMalayalam20220125171645.0